| 000 | 00482nam a2200169Ia 4500 | ||
|---|---|---|---|
| 003 | GCL | ||
| 008 | 140319s9999 xx 000 0 ara d | ||
| 040 |
_aGCL / _cGCL |
||
| 082 | 0 | 4 |
_aم _b920.72 _bم ح |
| 100 | 1 | _aمحمود شلبى | |
| 245 | 1 | 0 |
_aحياة اسية امراة فرعون / _cمحمود شلبى |
| 260 |
_a[S.N] : _bدار الجيل ، _c1988 |
||
| 300 | _a399 ص | ||
| 650 | 0 | 4 | _aالنساء |
| 650 | 0 | 4 | _aاسية (امراة فرعون) |
| 942 |
_2ddc _cREF |
||
| 999 |
_c59208 _d59208 |
||